French art of the eighteenth century at the Huntington / (Record no. 23685)

000 -LEADER
fixed length control field 01432cam a22003134a 4500
001 - CONTROL NUMBER
control field 14945752
005 - DATE AND TIME OF LATEST TRANSACTION
control field 20170127090101.0
008 - FIXED-LENGTH DATA ELEMENTS--GENERAL INFORMATION
fixed length control field 070730s2008 ctua bc 001 0 eng
010 ## - LIBRARY OF CONGRESS CONTROL NUMBER
LC control number 2007031345
020 ## - INTERNATIONAL STANDARD BOOK NUMBER
International Standard Book Number 9780300135947 (cl : alk. paper)
050 00 - LIBRARY OF CONGRESS CALL NUMBER
Classification number N6846 .B37 2008
100 1# - MAIN ENTRY--PERSONAL NAME
Personal name Bennett, Shelley M.,
Dates associated with a name 1947-
245 10 - TITLE STATEMENT
Title French art of the eighteenth century at the Huntington /
Statement of responsibility, etc. Shelley Bennett and Carolyn Sargentson.
246 3# - VARYING FORM OF TITLE
Title proper/short title French 18th-century art at the Huntington
260 ## - PUBLICATION, DISTRIBUTION, ETC. (IMPRINT)
Place of publication, distribution, etc. New Haven :
Name of publisher, distributor, etc. Yale University Press,
Date of publication, distribution, etc. c2008.
300 ## - PHYSICAL DESCRIPTION
Extent xi. 555 p. :
Other physical details ill. (some col.) ;
Dimensions 31 cm.
504 ## - BIBLIOGRAPHY, ETC. NOTE
Bibliography, etc Includes bibliographical references and index.
610 20 - SUBJECT ADDED ENTRY--CORPORATE NAME
Corporate name or jurisdiction name as entry element Henry E. Huntington Library and Art Gallery
Form subdivision Catalogs.
650 #0 - SUBJECT ADDED ENTRY--TOPICAL TERM
Topical term or geographic name as entry element Art, French
Form subdivision Catalogs.
650 #0 - SUBJECT ADDED ENTRY--TOPICAL TERM
Topical term or geographic name as entry element Art
Geographic subdivision California
-- San Marino
Form subdivision Catalogs.
700 1# - ADDED ENTRY--PERSONAL NAME
Personal name Sargentson, Carolyn.
856 41 - ELECTRONIC LOCATION AND ACCESS
Materials specified Table of contents only
Uniform Resource Identifier <a href="http://www.loc.gov/catdir/toc/ecip0724/2007031345.html">http://www.loc.gov/catdir/toc/ecip0724/2007031345.html</a>
942 ## - ADDED ENTRY ELEMENTS (KOHA)
Source of classification or shelving scheme
Koha item type Hard Covered Materials
Holdings
Withdrawn status Lost status Source of classification or shelving scheme Damaged status Not for loan Home library Current library Shelving location Date acquired Source of acquisition Total Checkouts Full call number Barcode Date last seen Price effective from Koha item type
          MACHAKOS UNIVERSITY LIBRARY MACHAKOS UNIVERSITY LIBRARY Technical section 27/01/2017 Donation(BFA)   N6846 .B37 2007 31789 29/05/2018 27/01/2017 Hard Covered Materials
© Machakos University Library, Along The Highway, Machakos Wote Rd, Machakos, Kenya P.O. Box 136 - 90100 Machakos - Kenya

Tel: ( +254 ) 723 805829 OR Fax : 044-20353 OR Email: library@mksu.ac.ke